Statistics for Vehicles/Transportations That Start With S

Click here to take the quiz!

General Stats

  • This quiz has been taken 13 times
  • The average score is 12 of 44

Answer Stats

Answer% Correct
Submarine
90%
Ship
60%
Spaceship
60%
Space Shuttle
60%
Sail
50%
Scooter
50%
Seaplane
50%
Shuttle
50%
Snowmobile
50%
Steamboat
50%
Schooner
40%
Segway
40%
Subway
40%
Sailboat
30%
School Bus
30%
Sedan
30%
Sled
30%
Sledge
30%
Speedboat
30%
Sports Car
30%
Station Wagon
30%
SUV
30%
Satellite
20%
Sleigh
20%
SST
20%
Stock Car
20%
Stroller
20%
Surrey
20%
Scull
10%
Semi
10%
Side Wheeler
10%
Skiff
10%
Ski Lift
10%
Ski Tow
10%
Snow Cat
10%
Snowplow
10%
Squad Car
10%
Stagecoach
10%
Steamship
10%
Stretch Limo
10%
Subcompact
10%
Sulky
10%
Sedan Chair
0%
Submersible
0%

Score Distribution

Percentile by Number Answered

Percent of People with Each Score

Your Score History

You have not taken this quiz